000 00593nam a22002057a 4500
003 LK-CoDNM
005 20241205150243.0
008 241205b |||||||| |||| 00| 0 eng d
040 _aLK-CoDNM
_dLK-CoDNM
_eLK-CoDNM
041 _asin
080 _a8 C-32.09
_bLOK
100 _aලයනල් ලොකුලියන
245 _aකෙටි කතා විචාරය
260 _aකොළඹ
_bඇම් ඩී ගුණසේන හා සමාගම
_c1956
300 _b137p. ; 22 cm
650 _a1956
650 _aLiterature
650 _aShort stories
942 _cBK
999 _c233142
_d233142